[Event "Schleswig Holstein-ch H 63rd"]
[Site "Gross Groenau"]
[Date "2008.03.19"]
[Round "6"]
[White "Godbersen, Momme"]
[Black "Zindel, Christoph"]
[Result "0-1"]
[WhiteElo "1369"]
[BlackElo "1585"]
[PlyCount "58"]
[EventDate "2008.03.15"]
[EventType "swiss"]
[EventRounds "9"]
[EventCountry "GER"]
[SourceTitle "EXT 2010"]
[Source "ChessBase"]
[SourceDate "2010.11.25"]
[SourceVersion "1"]
[SourceVersionDate "2010.11.25"]
[SourceQuality "1"]

1. e4 e5 2. Nc3 Nf6 3. Nf3 Nc6 4. d3 h6 5. Be2 d5 6. exd5 Nxd5 7. Ne4 Bg4 8. a3 f5 9. Ned2 Qf6 10. Nc4 Bd6 11. h3 Bh5 12. Nxd6+ Qxd6 13. Nh4 Bxe2 14. Qxe2 0-0 15. 0-0 Rae8 16. b3 Qf6 17. g3 f4 18. Qe4 Nde7 19. Bb2 f3 20. a4 g5 21. Qg4 Kh8 22. Nxf3 Qxf3 23. Qe6 Nf5 24. Qg6 Rg8 25. Qf6+ Kh7 26. Qf7+ Kh8 27. Qf6+ Rg7 28. g4 Nh4 29. Qxh6+ Kg8 0-1

[Event "Schleswig Holstein-ch H 63rd"]
[Site "Gross Groenau"]
[Date "2008.03.18"]
[Round "5"]
[White "Zindel, Christoph"]
[Black "Recklies, Volker"]
[Result "0-1"]
[WhiteElo "1585"]
[BlackElo "1656"]
[PlyCount "111"]
[EventDate "2008.03.15"]
[EventType "swiss"]
[EventRounds "9"]
[EventCountry "GER"]
[SourceTitle "EXT 2010"]
[Source "ChessBase"]
[SourceDate "2010.11.25"]
[SourceVersion "1"]
[SourceVersionDate "2010.11.25"]
[SourceQuality "1"]

1. e4 e5 2. Nf3 Nc6 3. Nc3 Bc5 4. Bc4 d6 5. h3 Bd7 6. d3 h6 7. 0-0 Nf6 8. Be3 Bb6 9. Ne2 Qc8 10. Kh2 g5 11. Nd2 g4 12. h4 Ke7 13. g3 Qg8 14. c3 Qg6 15. Qc2 Nh5 16. Bxb6 axb6 17. Bb5 f5 18. a4 Rhf8 19. d4 fxe4 20. Qxe4 Qxe4 21. Nxe4 d5 22. Nd2 e4 23. Kg2 Na5 24. Bxd7 Kxd7 25. b4 Nc6 26. Nc1 b5 27. a5 b6 28. Ncb3 bxa5 29. Nxa5 Nxa5 30. Rxa5 Rxa5 31. bxa5 Ng7 32. Ra1 Ne6 33. Kf1 c5 34. Nb3 cxd4 35. cxd4 Rf3 36. Rb1 e3 37. Rb2 Rxf2+ 38. Rxf2 exf2 39. Kxf2 Kc6 40. Ke3 b4 41. Kd3 Kb5 42. Kd2 Nd8 43. Ke3 Nc6 44. Kf4 Nxa5 45. Nd2 b3 46. Kxg4 b2 47. Kf3 Nc4 48. Nb1 Kb4 49. Ke2 Na3 50. Nd2 b1Q 51. Nxb1 Nxb1 52. Kd3 Nc3 53. Ke3 Ne4 54. g4 Kc4 55. Kf4 Kxd4 56. Kf3 0-1

[Event "Schleswig Holstein-ch H 63rd"]
[Site "Gross Groenau"]
[Date "2008.03.17"]
[Round "4"]
[White "Hamar, Dirk"]
[Black "Zindel, Christoph"]
[Result "0-1"]
[WhiteElo "1371"]
[BlackElo "1585"]
[PlyCount "72"]
[EventDate "2008.03.15"]
[EventType "swiss"]
[EventRounds "9"]
[EventCountry "GER"]
[SourceTitle "EXT 2010"]
[Source "ChessBase"]
[SourceDate "2010.11.25"]
[SourceVersion "1"]
[SourceVersionDate "2010.11.25"]
[SourceQuality "1"]

1. c4 e5 2. g3 Nf6 3. Bg2 Nc6 4. Nc3 d6 5. d3 Be7 6. Bg5 Be6 7. Nf3 Qd7 8. e3 h6 9. Bxf6 Bxf6 10. Nd5 Bd8 11. Nd2 Rb8 12. Rc1 Ne7 13. 0-0 c6 14. Nc3 f5 15. f4 Bb6 16. Qe2 exf4 17. gxf4 0-0 18. Nf3 Bf7 19. Kh1 Rbe8 20. Rce1 Ng6 21. Qd2 Qe7 22. Nd4 Qf6 23. Nf3 Re7 24. Na4 Bc7 25. Nc3 Rfe8 26. Rf2 Nh4 27. b3 Nxg2 28. Rxg2 Ba5 29. Ne4 fxe4 30. Qxa5 exf3 31. Rg3 Rxe3 32. Rxe3 Rxe3 33. Qxa7 Re1+ 34. Rg1 Rxg1+ 35. Qxg1 Qxf4 36. Qa7 f2 0-1